| 000 | 00681cab a2200193 4500 | ||
|---|---|---|---|
| 001 | ABS46019 | ||
| 008 | 090401t1992 xxu||||| |||| 00| 0 eng d | ||
| 035 | _a(Sirsi) u56386 | ||
| 041 | _aeng | ||
| 100 | _aCox, G.N | ||
| 245 | 2 | _aA client`s guide to building work | |
| 260 | _c1992 | ||
| 350 | _a0 | ||
| 490 |
_aArchitect and Surveyor _v67(3) March 1992, 16-17(2) |
||
| 520 | _aIntended as a guide to clients at the initial stages of undertaking building work to help with an understanding of the process and procedures such as seeking planning approval and site inspections. Written in layman`s terms. | ||
| 690 | _aBUILT ENVIRONMENT | ||
| 942 | _n0 | ||
| 948 | _c04/03/1997 | ||
| 999 |
_c34385 _d34385 |
||